000 00263nam a22001097a 4500
008 240711b |||||||| |||| 00| 0 eng d
100 _aParaspram, Parumal
_916852
245 _aSamia ja Slok
260 _bParaspram Parumal;
_c1956.
300 _a404p.
942 _cBK
999 _c39978
_d39978